[Event "Kiel op 34th"]
[Site "Kiel"]
[Date "2022.08.02"]
[Round "6"]
[White "Schubert, Christian1111"]
[Black "Zimmermann, Manfred"]
[Result "1-0"]
[WhiteElo "1764"]
[BlackElo "1933"]
[PlyCount "63"]
[EventDate "2022.07.30"]
[EventType "swiss"]
[EventRounds "9"]
[EventCountry "GER"]
[SourceTitle "CBM 209 Extra"]
[Source "ChessBase"]
[SourceDate "2022.09.30"]
[SourceVersion "1"]
[SourceVersionDate "2022.09.30"]
[SourceQuality "1"]

1. d4 d5 2. Bf4 Nf6 3. Nf3 e6 4. e3 Be7 5. Nbd2 Nbd7 6. c3 Nh5 7. Bg3 0-0 8. Qc2 c5 9. Bd3 g6 10. Be2 f5 11. Ne5 Nxg3 12. hxg3 Nxe5 13. dxe5 Bd7 14. g4 Kg7 15. f4 d4 16. g5 Bc6 17. Bf3 dxe3 18. Nc4 Bxf3 19. gxf3 Qd7 20. Nxe3 Rad8 21. Ke2 Rh8 22. Rad1 Qc6 23. Rxd8 Rxd8 24. Rd1 Rxd1 25. Nxd1 c4 26. Ne3 b5 27. Qd2 h6 28. gxh6+ Kxh6 29. Nc2 g5 30. Nd4 Qd5 31. Nxf5+ Kh5 32. Qxd5 1-0

[Event "DSOL 03 Liga Gr-B 1st"]
[Site "Playchess.com INT"]
[Date "2020.07.09"]
[Round "3.3"]
[White "Andrae, Ralf"]
[Black "Zimmermann, Manfred"]
[Result "1/2-1/2"]
[WhiteElo "1904"]
[BlackElo "1856"]
[PlyCount "57"]
[EventDate "2020.06.22"]
[EventType "team-tourn (rapid)"]
[EventCountry "GER"]
[SourceTitle "EXT 2021"]
[Source "ChessBase"]
[SourceDate "2020.10.23"]
[SourceVersion "1"]
[SourceVersionDate "2020.10.23"]
[SourceQuality "1"]
[WhiteTeam "Bad Toelz"]
[BlackTeam "Kiel SG"]
[WhiteTeamCountry "GER"]
[BlackTeamCountry "GER"]

1. e4 c5 2. d4 cxd4 3. c3 dxc3 4. Nxc3 a6 5. Bc4 e6 6. Nf3 Nc6 7. 0-0 Nge7 8. Qe2 Ng6 9. Bg5 f6 10. Be3 b5 11. Bb3 Na5 12. Nd4 Nxb3 13. Nxb3 Bb7 14. Rad1 Be7 15. Nc5 Bxc5 16. Bxc5 Kf7 17. f4 Re8 18. b4 Bc6 19. Qh5 Kg8 20. Rd3 Nf8 21. e5 f5 22. Rfd1 a5 23. a3 axb4 24. axb4 Ra6 25. Rh3 Re7 26. Qh4 Re8 27. Qh5 Re7 28. Qh4 Re8 29. Qh5 1/2-1/2

[Event "GER-ch Seniors 65 31st"]
[Site "Radebeul"]
[Date "2019.05.03"]
[Round "8"]
[White "Zimmermann, Manfred"]
[Black "Kundt, Guenther"]
[Result "1-0"]
[WhiteElo "1968"]
[BlackElo "1736"]
[PlyCount "117"]
[EventDate "2019.04.26"]
[EventType "swiss"]
[EventRounds "9"]
[EventCountry "GER"]
[SourceTitle "CBM 190 Extra"]
[Source "ChessBase"]
[SourceDate "2019.07.15"]
[SourceVersion "1"]
[SourceVersionDate "2019.07.15"]
[SourceQuality "1"]

1. d4 d6 2. e4 Nf6 3. Bd3 Nbd7 4. Nf3 e5 5. c3 Be7 6. 0-0 0-0 7. b3 b6 8. d5 Nc5 9. Re1 Nxd3 10. Qxd3 Nd7 11. Nbd2 Nc5 12. Qc2 f5 13. b4 Nxe4 14. Nxe4 fxe4 15. Qxe4 Bf5 16. Qe3 h6 17. h3 Qd7 18. Kh2 c5 19. a4 cxb4 20. cxb4 Rac8 21. Bd2 Rc2 22. Rec1 Rfc8 23. h4 R8c4 24. Rxc2 Rxc2 25. Ne1 Rc4 26. g3 Qb7 27. Qf3 Be4 28. Qh5 Bxd5 29. a5 Bf7 30. Qf5 b5 31. Nc2 Qd5 32. Be1 Be6 33. Ne3 Bxf5 34. Nxd5 Bxh4 35. Ne3 Bxg3+ 36. fxg3 Be6 37. Rd1 Rc6 38. Kg1 Kf7 39. Kf2 Kf6 40. Kf3 g6 41. g4 Bc4 42. Bd2 d5 43. Nxc4 dxc4 44. Bc3 Re6 45. Rd5 a6 46. Rd1 h5 47. gxh5 gxh5 48. Ke4 h4 49. Rf1+ Kg5 50. Rg1+ Kh5 51. Bxe5 h3 52. Kf5 Rxe5+ 53. Kxe5 Kh4 54. Kf4 h2 55. Rh1 Kh3 56. Kf3 c3 57. Rc1 Kh4 58. Kg2 h1Q+ 59. Kxh1 1-0

[Event "GER-ch Seniors 65 31st"]
[Site "Radebeul"]
[Date "2019.04.27"]
[Round "2"]
[White "Zimmermann, Manfred"]
[Black "Dekan, Hans"]
[Result "0-1"]
[WhiteElo "1968"]
[BlackElo "2102"]
[PlyCount "90"]
[EventDate "2019.04.26"]
[EventType "swiss"]
[EventRounds "9"]
[EventCountry "GER"]
[SourceTitle "CBM 190 Extra"]
[Source "ChessBase"]
[SourceDate "2019.07.15"]
[SourceVersion "1"]
[SourceVersionDate "2019.07.15"]
[SourceQuality "1"]

1. d4 d5 2. Nf3 Nf6 3. e3 Bg4 4. Be2 c6 5. 0-0 Nbd7 6. b3 e6 7. Nbd2 Bd6 8. Bb2 0-0 9. c4 Re8 10. Ne5 Bxe2 11. Qxe2 Ne4 12. f4 Nxd2 13. Qxd2 Nf6 14. Nf3 Ne4 15. Qc2 f5 16. Bc3 h6 17. Be1 g5 18. g3 Re7 19. Nd2 Rg7 20. c5 Bc7 21. Nxe4 fxe4 22. f5 Rf7 23. fxe6 Rxf1+ 24. Kxf1 Qf6+ 25. Qf2 Qxe6 26. Qe2 Qh3+ 27. Kg1 Rf8 28. a4 Rf3 29. b4 Qg4 30. Ra2 h5 31. Kg2 h4 32. h3 Rxg3+ 33. Bxg3 Qxg3+ 34. Kf1 Qxh3+ 35. Ke1 g4 36. Kd2 Qh2 37. Qxh2 Bxh2 38. Ke1 g3 39. Kf1 h3 40. Rb2 g2+ 41. Rxg2+ hxg2+ 42. Kxg2 Bc7 43. Kh3 Kf7 44. Kg4 Kf6 45. a5 a6 0-1

[Event "GER-ch Seniors 65+ 30th"]
[Site "Hamburg"]
[Date "2018.07.23"]
[Round "3"]
[White "Zimmermann, Manfred"]
[Black "Waagener, Ulrich"]
[Result "0-1"]
[WhiteElo "1957"]
[BlackElo "2112"]
[PlyCount "22"]
[EventDate "2018.07.21"]
[EventType "swiss"]
[EventRounds "9"]
[EventCountry "GER"]
[SourceTitle "EXT 2020"]
[Source "ChessBase"]
[SourceDate "2019.10.17"]
[SourceVersion "1"]
[SourceVersionDate "2019.10.17"]
[SourceQuality "1"]

1. Nf3 Nf6 2. d4 e6 3. e3 c5 4. Bd3 Nc6 5. 0-0 b6 6. b3 Qc7 7. c4 Bb7 8. Bb2 Nb4 9. Be2 Ng4 10. a3 Bxf3 11. h3 Qh2# 0-1

[Event "MVP-ch Seniors op 17th"]
[Site "Binz"]
[Date "2017.12.05"]
[Round "7.31"]
[White "Zimmermann, Manfred"]
[Black "Selten, Ton"]
[Result "1/2-1/2"]
[WhiteElo "1974"]
[BlackElo "1853"]
[PlyCount "152"]
[EventDate "2017.11.29"]
[EventType "swiss"]
[EventRounds "9"]
[EventCountry "GER"]
[SourceTitle "EXT 2019"]
[Source "ChessBase"]
[SourceDate "2018.10.10"]
[SourceVersion "1"]
[SourceVersionDate "2018.10.10"]
[SourceQuality "1"]

1. d4 Nf6 2. Nf3 d6 3. e3 g6 4. Be2 Bg7 5. b3 0-0 6. Bb2 c5 7. 0-0 cxd4 8. exd4 Nc6 9. Nbd2 Bf5 10. a3 Rc8 11. Rc1 a6 12. Re1 Re8 13. Bf1 Qc7 14. Nh4 Bd7 15. g3 e5 16. dxe5 dxe5 17. Nc4 Rcd8 18. Qd6 Qc8 19. Nb6 Qb8 20. Qxb8 Rxb8 21. Nxd7 Nxd7 22. Rcd1 Nc5 23. Rd5 Ne6 24. Be2 Ned4 25. Bd1 f5 26. Nf3 Nxf3+ 27. Bxf3 e4 28. Bxg7 Kxg7 29. Be2 Kf6 30. Red1 Ne5 31. c4 Re6 32. c5 Rbe8 33. Kg2 g5 34. Rd6 f4 35. f3 e3 36. R1d4 Rxd6 37. Rxd6+ Re6 38. Rd4 Nc6 39. Ra4 Ke5 40. Re4+ Kf6 41. gxf4 Rxe4 42. fxg5+ Kxg5 43. fxe4 Kf4 44. Bd3 h6 45. b4 Ne5 46. Bc2 Nc4 47. a4 Ke5 48. Kf3 Kd4 49. Ke2 Kc3 50. e5 Nxe5 51. Be4 Kxb4 52. Bxb7 Kxc5 53. Bxa6 Kd4 54. Bb5 Ng4 55. h3 Nf2 56. Bd7 Ne4 57. a5 Nc3+ 58. Ke1 Kc5 59. Kf1 Kd6 60. Bc8 Kc7 61. Ba6 Kb8 62. Kg2 Ka7 63. Bd3 Nd5 64. Kf3 h5 65. Ke4 e2 66. Bxe2 Nc3+ 67. Kf3 Nxe2 68. Kxe2 Ka6 69. Kf3 Kxa5 70. h4 Kb6 71. Kf4 Kc7 72. Kg5 Kd8 73. Kxh5 Ke8 74. Kg6 Kf8 75. Kh7 Kf7 76. h5 Kf8 1/2-1/2

[Event "Schleswig Holstein-ch Seniors op 11th"]
[Site "Buesum"]
[Date "2017.09.16"]
[Round "9"]
[White "Lotzien, Hans"]
[Black "Zimmermann, Manfred"]
[Result "1-0"]
[WhiteElo "2126"]
[BlackElo "1949"]
[PlyCount "57"]
[EventDate "2017.09.08"]
[EventType "swiss"]
[EventRounds "9"]
[EventCountry "GER"]
[SourceTitle "EXT 2019"]
[Source "ChessBase"]
[SourceDate "2018.10.10"]
[SourceVersion "1"]
[SourceVersionDate "2018.10.10"]
[SourceQuality "1"]

1. e4 c5 2. Nc3 Nc6 3. Bc4 g6 4. Nge2 Bg7 5. 0-0 e6 6. d3 a6 7. a4 Nge7 8. Bg5 Nd4 9. Nxd4 cxd4 10. Ne2 d6 11. a5 Qc7 12. Bb3 0-0 13. Qd2 Nc6 14. f4 Kh8 15. f5 exf5 16. exf5 Bxf5 17. Bh6 Be6 18. Bxg7+ Kxg7 19. Bc4 Rae8 20. Nf4 Qd7 21. Rae1 d5 22. Bb3 Ne7 23. Qb4 Nc6 24. Qc5 Rd8 25. Ba4 Qd6 26. Qb6 Qb4 27. Bxc6 Qxb6 28. axb6 bxc6 29. Rxe6 1-0

[Event "Kiel op 30th"]
[Site "Kiel"]
[Date "2017.07.30"]
[Round "4"]
[White "Zimmermann, Manfred"]
[Black "Roettig, Hans Peter"]
[Result "0-1"]
[WhiteElo "1997"]
[BlackElo "2078"]
[PlyCount "101"]
[EventDate "2017.07.29"]
[EventType "swiss"]
[EventRounds "9"]
[EventCountry "GER"]
[SourceTitle "EXT 2018"]
[Source "ChessBase"]
[SourceDate "2017.10.13"]
[SourceVersion "1"]
[SourceVersionDate "2017.10.13"]
[SourceQuality "1"]

1. d4 f5 2. Nc3 d5 3. Bg5 c6 4. e3 Qb6 5. Na4 Qa5+ 6. c3 e5 7. Rb1 b5 8. Nc5 Bxc5 9. dxc5 Qxa2 10. f4 e4 11. Ne2 Qa5 12. b4 Qc7 13. Nd4 Bd7 14. Nb3 Be6 15. Be2 Nd7 16. Ra1 Kf7 17. 0-0 Ngf6 18. h3 h6 19. Bh4 Rhg8 20. Kh1 g5 21. Be1 g4 22. Kh2 Rg7 23. Rg1 Rag8 24. g3 gxh3 25. Kxh3 Ng4 26. Bxg4 Rxg4 27. Bf2 Ke7 28. Nd4 Nb8 29. Qe1 a6 30. Kg2 h5 31. Kf1 Kf6 32. Rh1 h4 33. Rxh4 Rxh4 34. gxh4 Qh7 35. Ke2 Rg2 36. Kd2 Qxh4 37. Ke2 Qh2 38. Ra2 Bf7 39. Kd1 Bh5+ 40. Kc1 Kf7 41. Nxf5 Bf3 42. Rc2 a5 43. Kb2 Na6 44. Kb3 Qh3 45. Nh4 Rh2 46. Nxf3 Qxf3 47. Qe2 Qg2 48. Rb2 Ke6 49. Qd2 Qf1 50. Qe2 Qg2 51. Qd1 0-1

[Event "Kiel op 30th"]
[Site "Kiel"]
[Date "2017.07.29"]
[Round "2"]
[White "Zimmermann, Manfred"]
[Black "Behrendt, Matthias"]
[Result "1-0"]
[WhiteElo "1997"]
[BlackElo "1703"]
[PlyCount "165"]
[EventDate "2017.07.29"]
[EventType "swiss"]
[EventRounds "9"]
[EventCountry "GER"]
[SourceTitle "EXT 2018"]
[Source "ChessBase"]
[SourceDate "2017.10.13"]
[SourceVersion "1"]
[SourceVersionDate "2017.10.13"]
[SourceQuality "1"]

1. d4 f5 2. Nc3 Nf6 3. Bg5 Ne4 4. Nxe4 fxe4 5. e3 d5 6. Ne2 Bg4 7. h3 Bh5 8. c3 c6 9. Qb3 b5 10. Ng3 Bf7 11. Be2 h6 12. Bf4 Nd7 13. h4 g6 14. Bg4 Bg7 15. Ne2 0-0 16. Bg3 Nb6 17. a3 Nc4 18. Qc2 a5 19. 0-0 Qb6 20. Nf4 h5 21. Bh3 c5 22. b3 e5 23. dxc5 Qxc5 24. Ne6 Qe7 25. Nxf8 Nxa3 26. Qb2 Bxf8 27. Rfd1 Rd8 28. Qe2 Bg7 29. Rd2 b4 30. cxb4 axb4 31. Rc1 d4 32. exd4 Bh6 33. Rdd1 Bxc1 34. Rxc1 Rxd4 35. Rc8+ Kh7 36. Qa6 Rd6 37. Qa8 Rd5 38. Qb8 Rb5 39. Qa8 Bd5 40. Qa6 Bb7 41. Qe6 Qxe6 42. Rc7+ Kh6 43. Bxe6 Bd5 44. Bd7 Rb7 45. Rxb7 Bxb7 46. Be6 Nb5 47. Bxe5 Nc3 48. Bc4 g5 49. hxg5+ Kxg5 50. Bd6 Na2 51. Kf1 h4 52. Be7+ Kg4 53. Be2+ Kf4 54. Bxh4 e3 55. f3 Nc3 56. Bc4 Bc8 57. Be7 Na2 58. Bd6+ Kf5 59. Ke2 Bb7 60. Kxe3 Nc3 61. Bxb4 Nd5+ 62. Bxd5 Bxd5 63. g4+ Kg6 64. f4 Bxb3 65. Be7 Bc2 66. Kf3 Kf7 67. Bh4 Kg6 68. Kg3 Bd3 69. Bd8 Bc2 70. Kf2 Bb1 71. Ke3 Bc2 72. Kd4 Bd1 73. f5+ Kf7 74. g5 Bh5 75. Ke5 Kf8 76. Kf6 Bg4 77. g6 Be2 78. Kg5 Bc4 79. f6 Be6 80. Be7+ Ke8 81. Bc5 Bd5 82. Kh6 Be4 83. Kg7 1-0

[Event "Schleswig Holstein-ch Senioren"]
[Site "Ratzeburg"]
[Date "2017.04.12"]
[Round "7.2"]
[White "Zimmermann, Manfred"]
[Black "Kornrumpf, Joachim"]
[Result "0-1"]
[WhiteElo "2012"]
[BlackElo "2009"]
[PlyCount "76"]
[EventDate "2017.04.08"]
[EventType "swiss"]
[EventRounds "9"]
[EventCountry "GER"]
[SourceTitle "EXT 2022"]
[Source "ChessBase"]
[SourceDate "2021.10.06"]
[SourceVersion "1"]
[SourceVersionDate "2021.10.06"]
[SourceQuality "1"]

1. d4 Nf6 2. Nf3 e6 3. e3 c5 4. Bd3 b6 5. b3 Be7 6. Nbd2 d6 7. Bb2 Nbd7 8. 0-0 Bb7 9. c4 0-0 10. Rc1 Rc8 11. Qe2 Qc7 12. Ne1 Qb8 13. f4 d5 14. Nef3 cxd4 15. Bxd4 Nc5 16. Bb1 dxc4 17. Nxc4 Be4 18. Ng5 Bxb1 19. Rxb1 h6 20. Nf3 Nce4 21. Rbc1 b5 22. Ncd2 Qb7 23. Nxe4 Nxe4 24. Qb2 Bf6 25. Rxc8 Rxc8 26. Rc1 Bxd4 27. Rxc8+ Qxc8 28. Nxd4 b4 29. Ne2 Nc3 30. Qc2 Qc5 31. Kf2 Qc6 32. Kf1 Qa6 33. Kf2 Nxa2 34. Qe4 Nc3 35. Qa8+ Kh7 36. Nd4 Nd1+ 37. Kg3 Qd3 38. Qf3 Nxe3 0-1

[Event "Schleswig Holstein-ch Senioren"]
[Site "Ratzeburg"]
[Date "2017.04.10"]
[Round "4.2"]
[White "Salov, Sergej"]
[Black "Zimmermann, Manfred"]
[Result "1-0"]
[WhiteElo "2190"]
[BlackElo "2012"]
[PlyCount "121"]
[EventDate "2017.04.08"]
[EventType "swiss"]
[EventRounds "9"]
[EventCountry "GER"]
[SourceTitle "EXT 2022"]
[Source "ChessBase"]
[SourceDate "2021.10.06"]
[SourceVersion "1"]
[SourceVersionDate "2021.10.06"]
[SourceQuality "1"]

1. e4 c5 2. Nf3 a6 3. c4 b6 4. d4 cxd4 5. Nxd4 Bb7 6. Nc3 e6 7. a3 d6 8. Bd3 Nf6 9. 0-0 Nbd7 10. f3 Be7 11. Be3 0-0 12. Rc1 Qc7 13. b4 Rac8 14. Nb3 Qb8 15. Be2 Bd8 16. Kh1 Bc7 17. Bg1 Kh8 18. Na4 Bc6 19. b5 Bb7 20. bxa6 Bxa6 21. Nc3 Nc5 22. Nd4 Bb7 23. Ndb5 Bc6 24. Rc2 Rfd8 25. Rd2 Rd7 26. Nxc7 Qxc7 27. Qb1 Ra8 28. Qb4 Qa7 29. Rb1 Rb8 30. Rbd1 Rbd8 31. Bf2 Nh5 32. Bf1 Kg8 33. Bh4 f6 34. Nb5 Qb8 35. Rb1 Rb7 36. Bf2 Kf7 37. Nd4 Be8 38. Be3 g6 39. Rbd1 Ke7 40. Kg1 g5 41. Nb5 Bxb5 42. Qxb5 Qc7 43. e5 fxe5 44. Bxg5+ Nf6 45. Qb1 Kf7 46. Bd3 Nxd3 47. Qxd3 d5 48. Bxf6 Kxf6 49. Qe3 d4 50. Qh6+ Ke7 51. Qxh7+ Kd6 52. Qe4 Qh7 53. Rxd4+ exd4 54. Qxd4+ Kc6 55. Qxd8 Qe7 56. Qc8+ Rc7 57. Qa8+ Rb7 58. Qa4+ Kc7 59. g3 Kc8 60. h4 Kb8 61. Kg2 1-0

[Event "Schleswig Holstein-ch Senioren"]
[Site "Ratzeburg"]
[Date "2017.04.09"]
[Round "2.4"]
[White "Helbing Becker, Roger"]
[Black "Zimmermann, Manfred"]
[Result "0-1"]
[WhiteElo "1705"]
[BlackElo "2012"]
[PlyCount "96"]
[EventDate "2017.04.08"]
[EventType "swiss"]
[EventRounds "9"]
[EventCountry "GER"]
[SourceTitle "EXT 2022"]
[Source "ChessBase"]
[SourceDate "2021.10.06"]
[SourceVersion "1"]
[SourceVersionDate "2021.10.06"]
[SourceQuality "1"]

1. e4 c5 2. Nc3 Nc6 3. g3 g6 4. Bg2 Bg7 5. d3 e6 6. h3 Nge7 7. f4 f5 8. e5 d6 9. exd6 Qxd6 10. Nf3 a6 11. 0-0 b6 12. Re1 Rb8 13. a3 0-0 14. Rb1 h6 15. Kh1 Bd7 16. Be3 Nd5 17. Bd2 Rfe8 18. Nh4 Kh7 19. Qe2 Nd4 20. Qd1 Bc6 21. Nxd5 Bxd5 22. c3 Bb3 23. Qc1 Nc2 24. Rg1 Qxd3 25. Kh2 Rbd8 26. Be1 Qe2 27. g4 Ne3 28. Bg3 Rd1 29. Rxd1 Bxd1 30. gxf5 exf5 31. b4 c4 32. Rb2 Bc2 33. Qg1 Bxc3 34. Ra2 Rd8 35. Bf2 Nxg2 36. Qxg2 Rd2 37. Qxg6+ Kh8 38. Qxh6+ Kg8 39. Qg6+ Bg7 40. Ng2 b5 41. h4 Qe7 42. Bg3 Qe4 43. Be1 Qxe1 44. Rxc2 Qxh4+ 45. Kg1 Rd1+ 46. Ne1 Qxe1+ 47. Kh2 Qh1+ 48. Kg3 Rg1+ 0-1

[Event "Schleswig Holstein-ch Senioren"]
[Site "Ratzeburg"]
[Date "2017.04.08"]
[Round "1.7"]
[White "Zimmermann, Manfred"]
[Black "Potschka, Dieter"]
[Result "1-0"]
[WhiteElo "2012"]
[BlackElo "1853"]
[PlyCount "133"]
[EventDate "2017.04.08"]
[EventType "swiss"]
[EventRounds "9"]
[EventCountry "GER"]
[SourceTitle "EXT 2022"]
[Source "ChessBase"]
[SourceDate "2021.10.06"]
[SourceVersion "1"]
[SourceVersionDate "2021.10.06"]
[SourceQuality "1"]

1. d4 e6 2. Nf3 Nf6 3. e3 d5 4. Bd3 Nbd7 5. 0-0 c5 6. b3 a6 7. a4 cxd4 8. exd4 g6 9. Nbd2 Bg7 10. Ba3 b6 11. Ne5 Bb7 12. Qe2 Nxe5 13. dxe5 Nd7 14. f4 Nc5 15. Rad1 0-0 16. Nf3 Re8 17. Nd4 Bf8 18. Bb2 Qc7 19. Rc1 Qd8 20. Rf3 Rc8 21. Qd2 Nxd3 22. Qxd3 Bc5 23. h3 Qd7 24. Kh2 Bxd4 25. Bxd4 b5 26. a5 Qc6 27. Rg3 Qd7 28. b4 Rc4 29. c3 Bc8 30. Rf1 Rd8 31. Qe2 Rf8 32. Qg4 Rxd4 33. cxd4 f6 34. Qe2 f5 35. Rc3 Qe7 36. Rfc1 Bd7 37. Rc7 Rd8 38. R1c5 g5 39. Qf2 h6 40. g3 Qe8 41. Qe2 Qg6 42. Ra7 h5 43. Rcc7 gxf4 44. gxf4 Qe8 45. Qg2+ Kh8 46. Qg5 h4 47. Qxh4+ Kg8 48. Qg5+ Kh8 49. h4 Rc8 50. Rxd7 Rc2+ 51. Kg3 Rc3+ 52. Kf2 Rc2+ 53. Ke3 Rc3+ 54. Kd2 Rc2+ 55. Ke1 Rc1+ 56. Kf2 Rc2+ 57. Kg1 Rc1+ 58. Kh2 Rc2+ 59. Qg2 Rxg2+ 60. Kxg2 Qg6+ 61. Kf2 Qg8 62. h5 Qc8 63. Rac7 Qg8 64. h6 Qf8 65. Rh7+ Kg8 66. Rcg7+ Qxg7 67. Rxg7+ 1-0

[Event "MVP-ch Seniors op 16th"]
[Site "Binz"]
[Date "2016.11.28"]
[Round "6.5"]
[White "Zimmermann, Manfred"]
[Black "Schulz, Michael"]
[Result "0-1"]
[WhiteElo "1978"]
[BlackElo "2141"]
[PlyCount "78"]
[EventDate "2016.11.23"]
[EventType "swiss"]
[EventRounds "9"]
[EventCountry "GER"]
[SourceTitle "EXT 2018"]
[Source "ChessBase"]
[SourceDate "2017.10.13"]
[SourceVersion "1"]
[SourceVersionDate "2017.10.13"]
[SourceQuality "1"]

1. d4 Nf6 2. Nf3 c5 3. e3 g6 4. dxc5 Qa5+ 5. Nbd2 Bg7 6. a3 Qxc5 7. b4 Qc7 8. Bb2 0-0 9. c4 d6 10. Be2 b6 11. 0-0 Bb7 12. Rc1 Nbd7 13. Nd4 a6 14. Bf3 Ne5 15. Bxb7 Qxb7 16. N2f3 Rfd8 17. Qe2 Nfd7 18. Nd2 Rac8 19. f4 Nc6 20. Rc2 b5 21. Nxc6 Rxc6 22. Bxg7 Kxg7 23. Rfc1 Rdc8 24. Qd3 Qc7 25. Kf2 f6 26. Ke1 e5 27. g3 Kh6 28. Kd1 Qb7 29. Qf1 f5 30. Qg2 Nf6 31. h3 bxc4 32. g4 Ne4 33. g5+ Kg7 34. Nxe4 fxe4 35. Qxe4 Qb5 36. Rc3 Re8 37. Kd2 d5 38. a4 Qxb4 39. Rb1 Qxc3+ 0-1

[Event "Hamburg-ch Seniors 23rd"]
[Site "Hamburg"]
[Date "2016.11.04"]
[Round "3"]
[White "Kock, Rudolf"]
[Black "Zimmermann, Manfred"]
[Result "1/2-1/2"]
[WhiteElo "1656"]
[BlackElo "1777"]
[PlyCount "41"]
[EventDate "2016.11.02"]
[EventType "swiss"]
[EventRounds "9"]
[EventCountry "GER"]
[SourceTitle "EXT 2019"]
[Source "ChessBase"]
[SourceDate "2018.10.10"]
[SourceVersion "1"]
[SourceVersionDate "2018.10.10"]
[SourceQuality "1"]

1. f4 Nf6 2. Nf3 g6 3. b3 Bg7 4. Bb2 0-0 5. Nc3 c5 6. e3 Nc6 7. a3 d6 8. Be2 Bd7 9. d3 Nd5 10. Qd2 Nxc3 11. Bxc3 Bxc3 12. Qxc3 Qa5 13. Qxa5 Nxa5 14. Nd2 Nc6 15. Bf3 Nd8 16. h4 Kg7 17. Kf2 Bc6 18. h5 h6 19. hxg6 fxg6 20. g4 Bxf3 21. Nxf3 1/2-1/2

[Event "Schleswig Holstein-ch Seniors op 10th"]
[Site "Buesum"]
[Date "2016.10.01"]
[Round "6"]
[White "Zimmermann, Manfred"]
[Black "Achenbach, Manfred"]
[Result "0-1"]
[WhiteElo "1977"]
[BlackElo "2055"]
[PlyCount "34"]
[EventDate "2016.09.26"]
[EventType "swiss"]
[EventRounds "9"]
[EventCountry "GER"]
[SourceTitle "EXT 2019"]
[Source "ChessBase"]
[SourceDate "2018.10.10"]
[SourceVersion "1"]
[SourceVersionDate "2018.10.10"]
[SourceQuality "1"]

1. d4 c5 2. e3 g6 3. b3 Bg7 4. Bb2 Nc6 5. Nf3 Nh6 6. Be2 0-0 7. 0-0 d6 8. c3 Bf5 9. Nh4 cxd4 10. Nxf5 Nxf5 11. cxd4 d5 12. Nd2 Rc8 13. Rc1 Nd6 14. a3 Qd7 15. b4 b5 16. Bxb5 Nxb5 17. Rc5 Nb8 0-1